Maritime Heritage of Indian Ocean / (Record no. 2099)

000 -LEADER
fixed length control field 01189nam a2200301 i 4500
007 - PHYSICAL DESCRIPTION FIXED FIELD--GENERAL INFORMATION
fixed length control field ta
008 - FIXED-LENGTH DATA ELEMENTS--GENERAL INFORMATION
fixed length control field s2013 ii ab b 101 0 eng d
020 ## - INTERNATIONAL STANDARD BOOK NUMBER
International Standard Book Number 9788188934997
Terms of availability Rs. 6500.00
020 ## - INTERNATIONAL STANDARD BOOK NUMBER
International Standard Book Number 8188934992
040 ## - CATALOGING SOURCE
Language of cataloging eng
Original cataloging agency IMU Kochi Library
044 ## - COUNTRY OF PUBLISHING/PRODUCING ENTITY CODE
MARC country code India
082 04 - DEWEY DECIMAL CLASSIFICATION NUMBER
Edition number 23
Classification number 387.540954
Item number In865
111 2# - MAIN ENTRY--MEETING NAME
Meeting name or jurisdiction name as entry element International Seminar on Marine Archaeology
Number of part/section/meeting (3rd :
Date of meeting 2007 :
Location of meeting New Delhi, India),
245 10 - TITLE STATEMENT
Title Maritime Heritage of Indian Ocean /
260 ## - PUBLICATION, DISTRIBUTION, ETC. (IMPRINT)
Place of publication, distribution, etc New Delhi :
Name of publisher, distributor, etc Sharada Publishing House,
Date of publication, distribution, etc 2013
300 ## - PHYSICAL DESCRIPTION
Extent xi, 352 p. :
Other physical details ill. (chiefly color), maps (chiefly color) ;
Dimensions 29 cm
504 ## - BIBLIOGRAPHY, ETC. NOTE
Bibliography, etc Includes bibliographical references and index.
520 ## - SUMMARY, ETC.
Summary, etc Proceedings of the International Seminar on Marine Archaeology, held at New Delhi during 23-24 August 2007.
650 #0 - SUBJECT ADDED ENTRY--TOPICAL TERM
Topical term or geographic name as entry element Underwater archaeology
Geographic subdivision Indian Ocean
650 #0 - SUBJECT ADDED ENTRY--TOPICAL TERM
Topical term or geographic name as entry element Navigation
Geographic subdivision Indian Ocean
700 1# - ADDED ENTRY--PERSONAL NAME
Personal name Tripathi, Alok,
Dates associated with a name 1965-
Relator term Editor
710 1# - ADDED ENTRY--CORPORATE NAME
Corporate name or jurisdiction name as entry element India.
Subordinate unit Indian Navy,
Relator term host institution.
710 2# - ADDED ENTRY--CORPORATE NAME
Corporate name or jurisdiction name as entry element Archaeological Survey of India,
Relator term host institution.
852 ## - LOCATION/CALL NUMBER
Location IMU Kochi Library
904 ## - LOCAL DATA ELEMENT D, LDD (RLIN)
CATALOGER Rudra Ranjan
905 ## - LOCAL DATA ELEMENT E, LDE (RLIN)
VERIFIER Rudra Ranjan
942 ## - ADDED ENTRY ELEMENTS (KOHA)
Item type Reference book
Holdings
Withdrawn status Lost status Source of classification or shelving scheme Damaged status Not for loan Collection code Permanent location Current location Shelving location Date acquired Source of acquisition Cost, normal purchase price Full call number Barcode Date last seen Koha item type Public note
          Management Studies IMU Kochi Library IMU Kochi Library Reference 2014-01-20 M/s Refeence Book Shop (Inv. No.. 248 Dt. 2014-01-20) 6500.00 930.102804 In865 BK001014 2020-02-10 Reference book Shelf-1, Row-4


Copyright © All Rights Reserved by Indian Maritime University, Kochi Campus.
For any Suggestions/Query Contact to library or Email: library.kochi@imu.ac.in Ph:(0484)-2989402
(Web OPAC Designed by Rudra Ranjan. Maintained by IMU Kochi Library)

Powered by Koha